[Event "Online Olym KO Stage 2021"]
[Site "chess.com INT"]
[Date "2021.09.13"]
[Round "1.11"]
[Board "1"]
[White "Jumabayev, Rinat"]
[Black "Xiong, Jeffery"]
[Result "1-0"]
[WhiteTitle "GM"]
[BlackTitle "GM"]
[WhiteElo "2651"]
[BlackElo "2700"]
[WhiteTeam "Kazakhstan"]
[BlackTeam "United States of America"]
[WhiteFideId "13702661"]
[BlackFideId "2047640"]
[EventDate "2021.09.13"]
[EventType "team"]

1. d4 d5 2. c4 dxc4 3. Nf3 Nf6 4. e3 e6 5. Bxc4 a6 6. O-O c5 7. Re1 Nc6 8. Nc3
Be7 9. dxc5 Qxd1 10. Rxd1 Bxc5 11. Be2 O-O 12. Bd2 Bd7 13. Rac1 Ba7 14. Na4 Rfd8
15. Be1 Be8 16. Nc5 Rxd1 17. Bxd1 Nd8 18. Nd3 Nc6 19. Nc5 Nd8 20. Nb3 Nd5 21.
Nfd4 Ne7 22. Bf3 Rc8 23. Rd1 e5 24. Ne2 f5 25. Nc3 e4 26. Be2 Ndc6 27. Bc4+ Bf7
28. Bxf7+ Kxf7 29. Rd7 b5 30. Ne2 Ke8 31. Rd1 g6 32. Nf4 Rd8 33. Rc1 Kf7 34. Kf1
g5 35. Ne2 Ne5 36. Ned4 Nc4 37. Bc3 f4 38. Na5 Nxa5 39. Bxa5 Bxd4 40. Bxd8 Bxb2
41. Rc7 Bf6 42. Ra7 a5 43. Bxe7 Bxe7 44. Rxa5 b4 45. Re5 fxe3 46. fxe3 Kf6 47.
Rxe4 1-0

[Event "Online Olym KO Stage 2021"]
[Site "chess.com INT"]
[Date "2021.09.13"]
[Round "1.11"]
[Board "2"]
[White "Swiercz, Dariusz"]
[Black "Makhnev, Denis"]
[Result "1-0"]
[WhiteTitle "GM"]
[BlackTitle "IM"]
[WhiteElo "2647"]
[BlackElo "2513"]
[WhiteTeam "United States of America"]
[BlackTeam "Kazakhstan"]
[WhiteFideId "1126881"]
[BlackFideId "13707647"]
[EventDate "2021.09.13"]
[EventType "team"]

1. e4 c6 2. d4 d5 3. e5 Bf5 4. h4 h5 5. Bd3 Bxd3 6. Qxd3 Qa5+ 7. b4 Qxb4+ 8. Nd2
e6 9. Rb1 Qe7 10. c4 Qd7 11. Ne2 Nh6 12. O-O Nf5 13. Nf3 Be7 14. Bg5 dxc4 15.
Qxc4 Na6 16. Ng3 Nxg3 17. fxg3 f6 18. exf6 gxf6 19. Bf4 O-O-O 20. Qxa6 1-0

[Event "Online Olym KO Stage 2021"]
[Site "chess.com INT"]
[Date "2021.09.13"]
[Round "1.11"]
[Board "4"]
[White "Zatonskih, Anna"]
[Black "Saduakassova, Dinara"]
[Result "1-0"]
[WhiteTitle "IM"]
[BlackTitle "IM"]
[WhiteElo "2423"]
[BlackElo "2489"]
[WhiteTeam "United States of America"]
[BlackTeam "Kazakhstan"]
[WhiteFideId "14101572"]
[BlackFideId "13700090"]
[EventDate "2021.09.13"]
[EventType "team"]

1. d4 Nf6 2. c4 e6 3. Nc3 Bb4 4. Qc2 O-O 5. a3 Bxc3+ 6. Qxc3 d5 7. Nf3 b6 8. Bg5
Bb7 9. cxd5 Bxd5 10. Rc1 Nbd7 11. e3 c5 12. Bb5 cxd4 13. Qxd4 Nc5 14. Bxf6 Qxf6
15. Qxf6 gxf6 16. Ke2 a6 17. Bc4 Rfd8 18. Nd4 Kg7 19. Rhd1 Bxc4+ 20. Rxc4 f5 21.
Rdc1 a5 22. R1c2 Kf6 23. f3 e5 24. Nb5 a4 25. Nc3 Kg6 26. Rb4 Rd6 27. Rd2 Rxd2+
28. Kxd2 Ra6 29. Nd5 Nd7 30. Kc3 f6 31. Kc4 Ra5 32. Nxb6 Rc5+ 33. Kd3 Nxb6 34.
Rxb6 Rd5+ 35. Kc2 Rc5+ 36. Kd2 Rd5+ 37. Ke2 Rc5 38. Rd6 e4 39. Rd4 Rc2+ 40. Rd2
Rc1 41. Kf2 Rb1 42. Kg3 Kg5 43. h4+ Kg6 44. fxe4 fxe4 45. Kf4 Kh5 46. g4+ Kg6
47. Kxe4 1-0

[Event "Online Olym KO Stage 2021"]
[Site "chess.com INT"]
[Date "2021.09.13"]
[Round "1.11"]
[Board "5"]
[White "Zhalmakhanov, Ramazan"]
[Black "Liang, Awonder"]
[Result "1-0"]
[WhiteTitle "IM"]
[BlackTitle "GM"]
[WhiteElo "2414"]
[BlackElo "2590"]
[WhiteTeam "Kazakhstan"]
[BlackTeam "United States of America"]
[WhiteFideId "13706357"]
[BlackFideId "2056437"]
[EventDate "2021.09.13"]
[EventType "team"]

1. e4 c6 2. d4 d5 3. f3 g6 4. Nc3 Bg7 5. Be3 Qb6 6. Rb1 Na6 7. Qd2 Qd8 8. Bxa6
bxa6 9. Nge2 h5 10. O-O Nh6 11. h3 Kf8 12. Na4 Kg8 13. Nc5 Rb8 14. a4 Kh7 15.
Bf4 Ra8 16. Bh2 Re8 17. Rbd1 Ng8 18. Nc1 Nf6 19. a5 Bh6 20. Qc3 Rf8 21. Kh1 h4
22. Qe1 g5 23. b4 Nh5 24. N1d3 Qe8 25. f4 f6 26. f5 Ng7 27. Qe2 e6 28. fxe6 Nxe6
29. Bd6 Nxc5 30. Nxc5 Rf7 31. Rde1 g4 32. Qd3 Qd8 33. exd5+ f5 34. Ne6 Qf6 35.
hxg4 Qg6 36. gxf5 Qg4 37. Re4 Qh5 38. Qh3 Bxe6 39. dxe6 Rf6 40. Be5 Bg5 41. Bxf6
Bxf6 42. Qg4 Qh6 43. Qg6+ Qxg6 44. fxg6+ Kg7 45. e7 Re8 46. Re6 Bxd4 47. Rf7+
Kh6 48. Rf8 1-0

[Event "Online Olym KO Stage 2021"]
[Site "chess.com INT"]
[Date "2021.09.13"]
[Round "1.11"]
[Board "6"]
[White "Cervantes Landeiro, Thalia"]
[Black "Assaubayeva, Bibisara"]
[Result "0-1"]
[WhiteTitle "FM"]
[BlackTitle "IM"]
[WhiteElo "2175"]
[BlackElo "2400"]
[WhiteTeam "United States of America"]
[BlackTeam "Kazakhstan"]
[WhiteFideId "3520498"]
[BlackFideId "13708694"]
[EventDate "2021.09.13"]
[EventType "team"]

1. d4 Nf6 2. c4 g6 3. f3 Bg7 4. e4 O-O 5. Nc3 d6 6. Nge2 c5 7. Be3 Nc6 8. d5 Ne5
9. Ng3 e6 10. Be2 exd5 11. cxd5 a6 12. a4 Bd7 13. O-O b5 14. h3 Re8 15. Qd2 h5
16. Bg5 Qb6 17. a5 Qc7 18. f4 Nc4 19. Bxc4 bxc4 20. e5 Nh7 21. exd6 Qxd6 22.
Nge4 Qf8 23. Rae1 f5 24. Ng3 Nxg5 25. fxg5 Rxe1 26. Rxe1 Qd6 27. Nge2 Rb8 28.
Nf4 Be5 29. Nfe2 Re8 30. Rc1 h4 31. Nd1 Qe7 32. Rxc4 Bb5 33. Rc2 Bxe2 34. Qxe2
Bg3 35. Kf1 Qd7 36. Ne3 f4 37. Qxa6 Rxe3 38. Qxg6+ Qg7 39. Qxg7+ Kxg7 40. Re2
Rd3 41. Re7+ Kg6 42. Ke2 Rxd5 43. a6 c4 44. Rc7 Rb5 45. a7 Rxb2+ 46. Kf3 Ra2 47.
Kg4 c3 48. Rc6+ Kg7 49. Rc7+ Kg6 50. Rc6+ Kf7 51. g6+ Kg7 52. Rxc3 Rxa7 53. Rc6
Ra2 54. Kg5 Ra5+ 55. Kg4 Kh6 56. Re6 Rg5+ 57. Kf3 Rxg6 58. Rxg6+ Kxg6 59. Ke4
Kf6 60. Kd4 Kf5 61. Kd3 Ke5 62. Kd2 Ke4 63. Ke2 Kd4 64. Kd2 Ke5 65. Kd3 Kd5 66.
Kd2 Kd4 67. Ke2 Kc3 68. Kf1 Bh2 69. Ke2 Kc2 70. Kf1 Kd3 71. Kf2 Kd2 72. Kf1 Ke3
73. Ke1 Bg3+ 74. Kf1 Bf2 75. g4 hxg3 0-1

[Event "Online Olym KO Stage 2021"]
[Site "chess.com INT"]
[Date "2021.09.13"]
[Round "1.12"]
[Board "1"]
[White "Xiong, Jeffery"]
[Black "Jumabayev, Rinat"]
[Result "1-0"]
[WhiteTitle "GM"]
[BlackTitle "GM"]
[WhiteElo "2700"]
[BlackElo "2651"]
[WhiteTeam "United States of America"]
[BlackTeam "Kazakhstan"]
[WhiteFideId "2047640"]
[BlackFideId "13702661"]
[EventDate "2021.09.13"]
[EventType "team"]

1. e4 e5 2. Nf3 Nc6 3. Bb5 Nf6 4. O-O Nxe4 5. Re1 Nd6 6. Nxe5 Be7 7. Bf1 Nxe5 8.
Rxe5 O-O 9. d4 Ne8 10. c4 Bf6 11. Re1 d5 12. cxd5 Qxd5 13. Be3 Be6 14. Nc3 Qd7
15. Ne4 Bd5 16. Nc5 Qd8 17. Bd3 g6 18. Be4 b6 19. Qf3 c6 20. Bxd5 cxd5 21. Nd3
Nd6 22. Bh6 Re8 23. Rxe8+ Nxe8 24. Nb4 Bxd4 25. Nxd5 Rc8 26. Re1 Rc2 27. Ne7+
Kh8 28. Nc6 Bxf2+ 29. Qxf2 Rxc6 30. Qxf7 Qd4+ 31. Kh1 1-0

[Event "Online Olym KO Stage 2021"]
[Site "chess.com INT"]
[Date "2021.09.13"]
[Round "1.12"]
[Board "2"]
[White "Khusnutdinov, Rustam"]
[Black "Robson, Ray"]
[Result "1/2-1/2"]
[WhiteTitle "GM"]
[BlackTitle "GM"]
[WhiteElo "2484"]
[BlackElo "2673"]
[WhiteTeam "Kazakhstan"]
[BlackTeam "United States of America"]
[WhiteFideId "13701703"]
[BlackFideId "2023970"]
[EventDate "2021.09.13"]
[EventType "team"]

1. e4 e5 2. Nf3 Nc6 3. Nc3 Nf6 4. Bb5 Bb4 5. O-O O-O 6. Bxc6 dxc6 7. Nxe5 Re8 8.
Nd3 Bxc3 9. dxc3 Nxe4 10. Bf4 Bf5 11. Re1 Nd6 12. Qf3 Qf6 13. Be5 Qg6 14. b3 Be4
15. Qg3 Qxg3 16. Bxg3 Nb5 17. Nc5 Bxc2 18. c4 Nd6 19. f3 b6 20. Na6 Nf5 21. Nb4
Nd4 22. Bxc7 Bg6 23. Be5 Nc2 24. Nxc2 Bxc2 25. Rac1 Bg6 26. Rcd1 f6 27. Bg3
Rxe1+ 28. Bxe1 Re8 29. Kf2 Kf7 30. Bc3 1/2-1/2

[Event "Online Olym KO Stage 2021"]
[Site "chess.com INT"]
[Date "2021.09.13"]
[Round "1.12"]
[Board "4"]
[White "Saduakassova, Dinara"]
[Black "Paikidze, Nazi"]
[Result "0-1"]
[WhiteTitle "IM"]
[BlackTitle "IM"]
[WhiteElo "2489"]
[BlackElo "2374"]
[WhiteTeam "Kazakhstan"]
[BlackTeam "United States of America"]
[WhiteFideId "13700090"]
[BlackFideId "13603620"]
[EventDate "2021.09.13"]
[EventType "team"]

1. Nf3 Nf6 2. g3 e6 3. Bg2 d5 4. O-O Be7 5. d3 O-O 6. Nbd2 c5 7. e4 Nc6 8. Re1
Qc7 9. e5 Nd7 10. Qe2 b5 11. Nf1 Bb7 12. Bf4 d4 13. a3 Rab8 14. h4 Rfc8 15. h5
c4 16. N1d2 cxd3 17. cxd3 Nc5 18. Rac1 Qd8 19. h6 g6 20. Rc2 b4 21. Rec1 Na4 22.
Ne4 bxa3 23. bxa3 Na5 24. Nfg5 Nc3 25. Qe1 Nb3 26. Bh3 Bd5 27. Nd6 Bxg5 28. Bxg5
Qxg5 29. Nxc8 Rxc8 30. Rb1 Nc5 31. Rxc3 dxc3 32. Qxc3 Qd8 33. Rc1 Bb7 34. Bg2
Nxd3 35. Bxb7 Rxc3 36. Rxc3 Nxe5 37. Rc8 Qxc8 38. Bxc8 Ng4 39. f4 Nxh6 40. Kf2
Nf5 41. g4 Nd6 42. Ba6 Kf8 43. Ke3 Ke7 44. g5 Nf5+ 45. Ke4 Kd6 46. Bb5 h6 47.
gxh6 Nxh6 48. Kd4 Nf5+ 49. Ke4 Kc5 50. Ba4 Kd6 51. Be8 Ke7 52. Bc6 Ng3+ 53. Kf3
Nf5 54. Ke4 Nd6+ 55. Kd4 f6 56. a4 Nf5+ 57. Kc5 g5 58. fxg5 fxg5 59. Kb5 Nd4+ 0-1

[Event "Online Olym KO Stage 2021"]
[Site "chess.com INT"]
[Date "2021.09.13"]
[Round "1.12"]
[Board "5"]
[White "Liang, Awonder"]
[Black "Zhalmakhanov, Ramazan"]
[Result "0-1"]
[WhiteTitle "GM"]
[BlackTitle "IM"]
[WhiteElo "2590"]
[BlackElo "2414"]
[WhiteTeam "United States of America"]
[BlackTeam "Kazakhstan"]
[WhiteFideId "2056437"]
[BlackFideId "13706357"]
[EventDate "2021.09.13"]
[EventType "team"]

1. d4 Nf6 2. Bf4 d5 3. e3 e6 4. Nf3 c5 5. c3 Nc6 6. Nbd2 Nh5 7. Bg3 Be7 8. Bd3
O-O 9. Qe2 c4 10. Bc2 f5 11. Ne5 Nxg3 12. hxg3 Nxe5 13. dxe5 g6 14. g4 b5 15. a3
f4 16. exf4 Rxf4 17. g3 Rf7 18. Nf3 Bc5 19. Nd4 Bxd4 20. cxd4 Qa5+ 21. Kf1 b4
22. Qd2 c3 23. bxc3 bxc3 24. Qe3 Ba6+ 25. Kg2 Qb5 26. Rhe1 Qb2 27. Rec1 Bc4 28.
Kh3 Rc8 29. Rab1 Qxa3 30. f4 Qf8 31. Ra1 a6 32. Kg2 Bb5 33. Rh1 Rcc7 34. Rh2 Qb4
35. Rah1 Qb2 36. Kf3 Qb4 37. Bxg6 Rg7 38. Bc2 Ba4 39. Rb1 Qc4 40. Rb8+ Kf7 41.
Bd3 Bd1+ 42. Kg2 Qa2+ 43. Kg1 c2 44. Qc1 Qa5 45. Kf1 Qc3 46. Be2 Qxg3 47. Rf2
Qh3+ 48. Ke1 Qc3+ 49. Kf1 Bxe2+ 50. Kxe2 Rxg4 51. Rh8 Rg3 52. Rxh7+ Kg8 53. Rh1
Qd3+ 0-1

[Event "Online Olym KO Stage 2021"]
[Site "chess.com INT"]
[Date "2021.09.13"]
[Round "1.12"]
[Board "6"]
[White "Assaubayeva, Bibisara"]
[Black "Cervantes Landeiro, Thalia"]
[Result "1-0"]
[WhiteTitle "IM"]
[BlackTitle "FM"]
[WhiteElo "2400"]
[BlackElo "2175"]
[WhiteTeam "Kazakhstan"]
[BlackTeam "United States of America"]
[WhiteFideId "13708694"]
[BlackFideId "3520498"]
[EventDate "2021.09.13"]
[EventType "team"]

1. d4 d5 2. c4 dxc4 3. Nf3 Nf6 4. e3 e6 5. Bxc4 c5 6. O-O Nc6 7. Qe2 a6 8. Rd1
b5 9. Bb3 c4 10. Bc2 Nb4 11. e4 Nxc2 12. Qxc2 Bb7 13. d5 exd5 14. exd5 Bd6 15.
Re1+ Be7 16. Qe2 Bxd5 17. Nc3 Be6 18. Ng5 O-O 19. Nxe6 fxe6 20. Qxe6+ Rf7 21.
Bg5 Qd6 22. Rad1 Qxe6 23. Rxe6 h6 24. Bh4 b4 25. Na4 a5 26. Rc6 b3 27. a3 Rd8
28. Rxd8+ Bxd8 29. Rxc4 Rd7 30. Kf1 g5 31. Bg3 Nh5 32. Rc8 Kf7 33. Nc5 Rd5 34.
Nxb3 Nxg3+ 35. hxg3 Bf6 36. Rc7+ Kg6 37. Rc6 Kg7 38. Rc5 Rxc5 39. Nxc5 Bxb2 40.
a4 Ba3 41. Nb3 Bb4 42. g4 Kf6 43. Ke2 Ke5 44. Ke3 Kd5 45. Kd3 Be1 46. f3 Bb4 47.
Nd4 Bf8 48. g3 Bd6 49. Nf5 Bf8 50. f4 Kc5 51. Nd4 Kb4 52. f5 Kxa4 53. f6 Ka3 54.
Kc2 a4 55. f7 Kb4 56. Ne6 Bd6 57. f8=Q Bxf8 58. Nxf8 Kc4 59. Nh7 Kd4 60. Kb2 Ke3
61. Ka3 Kf3 62. Nf6 Kxg3 63. Kxa4 Kf4 64. Kb4 Ke5 65. Nh5 Ke4 66. Kc4 Kf3 67.
Nf6 Kf4 68. Kd4 h5 69. gxh5 Kf5 70. Ne4 g4 71. Ng3+ Kg5 72. Ke4 1-0

[Event "Online Olym KO Stage 2021"]
[Site "chess.com INT"]
[Date "2021.09.13"]
[Round "1.13"]
[Board "1"]
[White "Jumabayev, Rinat"]
[Black "Xiong, Jeffery"]
[Result "0-1"]
[WhiteTitle "GM"]
[BlackTitle "GM"]
[WhiteElo "2651"]
[BlackElo "2700"]
[WhiteTeam "Kazakhstan"]
[BlackTeam "United States of America"]
[WhiteFideId "13702661"]
[BlackFideId "2047640"]
[EventDate "2021.09.13"]
[EventType "team"]

1. Nf3 c5 2. g3 Nc6 3. Bg2 g6 4. O-O Bg7 5. e4 d6 6. c3 e5 7. Na3 Nge7 8. Nc2
O-O 9. d4 exd4 10. cxd4 Bg4 11. d5 Ne5 12. Ne3 Bh5 13. h3 f5 14. exf5 Bxf3 15.
Bxf3 Nxf3+ 16. Qxf3 Nxf5 17. Nxf5 Rxf5 18. Qd3 Qd7 19. g4 Rf7 20. Kg2 Re8 21. a4
Qe7 22. Be3 Qf6 23. Bd2 c4 24. Qg3 Qxb2 25. Be3 Be5 26. Qh4 Qc2 27. Rac1 Qe4+
28. Kg1 Qxd5 29. Rfd1 Qf3 30. g5 d5 31. Qg4 Qxg4+ 32. hxg4 Bf4 33. Rxd5 Rxe3 34.
fxe3 Bxe3+ 0-1

[Event "Online Olym KO Stage 2021"]
[Site "chess.com INT"]
[Date "2021.09.13"]
[Round "1.13"]
[Board "2"]
[White "Robson, Ray"]
[Black "Khusnutdinov, Rustam"]
[Result "1-0"]
[WhiteTitle "GM"]
[BlackTitle "GM"]
[WhiteElo "2673"]
[BlackElo "2484"]
[WhiteTeam "United States of America"]
[BlackTeam "Kazakhstan"]
[WhiteFideId "2023970"]
[BlackFideId "13701703"]
[EventDate "2021.09.13"]
[EventType "team"]

1. e4 e6 2. d4 d5 3. e5 c5 4. c3 Nc6 5. Nf3 Bd7 6. Be2 Rc8 7. O-O a6 8. a3 cxd4
9. cxd4 Nge7 10. Bd3 Qb6 11. Bc2 Nf5 12. Bxf5 exf5 13. Nc3 Be6 14. Na4 Qa7 15.
b4 Be7 16. Be3 O-O 17. Qd2 Rc7 18. Nc5 b6 19. Nd3 Rfc8 20. Nf4 Nd8 21. Rac1 Rc4
22. Nh5 Bf8 23. Bg5 Bd7 24. Rxc4 dxc4 25. Bxd8 Rxd8 26. Qg5 Rc8 27. Nf6+ Kh8 28.
Nxh7 Rc6 29. Nxf8 f6 30. Qh5+ Kg8 31. d5 Rc8 32. Ng6 Be8 33. Qh8+ Kf7 34. e6+
Kxg6 35. Nh4+ Kg5 36. f4+ Kg4 37. h3+ 1-0

[Event "Online Olym KO Stage 2021"]
[Site "chess.com INT"]
[Date "2021.09.13"]
[Round "1.13"]
[Board "4"]
[White "Paikidze, Nazi"]
[Black "Saduakassova, Dinara"]
[Result "0-1"]
[WhiteTitle "IM"]
[BlackTitle "IM"]
[WhiteElo "2374"]
[BlackElo "2489"]
[WhiteTeam "United States of America"]
[BlackTeam "Kazakhstan"]
[WhiteFideId "13603620"]
[BlackFideId "13700090"]
[EventDate "2021.09.13"]
[EventType "team"]

1. Nf3 Nf6 2. g3 e6 3. Bg2 d5 4. O-O c5 5. d3 Nc6 6. Nbd2 Be7 7. e4 e5 8. a4 O-O
9. Ne1 Be6 10. f4 exf4 11. gxf4 Bg4 12. Bf3 Bxf3 13. Nexf3 dxe4 14. Nxe4 Nd4 15.
Be3 Nf5 16. Nxf6+ Bxf6 17. Bxc5 Re8 18. Qd2 b6 19. Bf2 Bxb2 20. Rab1 Bf6 21. Rb5
g6 22. Re1 Rxe1+ 23. Qxe1 Qc7 24. Qe4 Rd8 25. Rxf5 gxf5 26. Qxf5 Qc6 27. Ne5
Bxe5 28. Qg5+ Qg6 29. Qxg6+ hxg6 30. fxe5 Rd5 31. d4 Ra5 32. Kg2 Rxa4 33. Kf3
Kf8 34. Ke4 Ra2 35. Kd3 Ke7 36. Bh4+ Kd7 37. Bg3 Ke6 38. Bf4 b5 39. c3 a5 40.
Ke4 Re2+ 41. Kd3 Rf2 42. Bg3 Rf3+ 43. Kc2 Kd5 44. Kb2 Kc4 45. Be1 Re3 46. Bd2
Re2 47. Kc1 a4 48. Bg5 a3 49. Kb1 a2+ 50. Ka1 Kb3 51. Bh4 Rd2 0-1

[Event "Online Olym KO Stage 2021"]
[Site "chess.com INT"]
[Date "2021.09.13"]
[Round "1.13"]
[Board "5"]
[White "Zhalmakhanov, Ramazan"]
[Black "Liang, Awonder"]
[Result "0-1"]
[WhiteTitle "IM"]
[BlackTitle "GM"]
[WhiteElo "2414"]
[BlackElo "2590"]
[WhiteTeam "Kazakhstan"]
[BlackTeam "United States of America"]
[WhiteFideId "13706357"]
[BlackFideId "2056437"]
[EventDate "2021.09.13"]
[EventType "team"]

1. d4 Nf6 2. Bf4 d5 3. Nc3 c5 4. e3 cxd4 5. exd4 Bg4 6. Be2 Bxe2 7. Ncxe2 e6 8.
c3 Nc6 9. Nf3 Be7 10. O-O O-O 11. a4 a6 12. Ne1 Rc8 13. Nd3 Ne4 14. Ng3 Nd6 15.
Qg4 g6 16. h4 Ne4 17. Nxe4 dxe4 18. Nc5 e5 19. Bh6 f5 20. Qd1 Bxc5 21. Qb3+ Rf7
22. dxc5 Qxh4 23. Qe6 Rd8 24. Be3 f4 25. Bc1 a5 26. b4 axb4 27. Bb2 Qe7 28. Qc4
bxc3 29. Bxc3 Nd4 30. Rae1 Nf3+ 31. gxf3 Qg5+ 32. Kh2 exf3 33. Qe6 Qg2# 0-1

[Event "Online Olym KO Stage 2021"]
[Site "chess.com INT"]
[Date "2021.09.13"]
[Round "1.13"]
[Board "6"]
[White "Cervantes Landeiro, Thalia"]
[Black "Assaubayeva, Bibisara"]
[Result "1-0"]
[WhiteTitle "FM"]
[BlackTitle "IM"]
[WhiteElo "2175"]
[BlackElo "2400"]
[WhiteTeam "United States of America"]
[BlackTeam "Kazakhstan"]
[WhiteFideId "3520498"]
[BlackFideId "13708694"]
[EventDate "2021.09.13"]
[EventType "team"]

1. d4 Nf6 2. c4 g6 3. Nc3 Bg7 4. e4 d6 5. f3 O-O 6. Nge2 c5 7. Be3 Nc6 8. d5 Ne5
9. Ng3 e6 10. Be2 exd5 11. cxd5 h5 12. O-O a6 13. a4 h4 14. Nh1 Rb8 15. Nf2 b5
16. axb5 axb5 17. Nxb5 Qb6 18. f4 Ned7 19. Rb1 Re8 20. Nc3 Qa5 21. Bd3 Nh5 22.
e5 dxe5 23. f5 Nf4 24. Bxf4 exf4 25. fxg6 fxg6 26. Bxg6 Rf8 27. Qh5 Nf6 28. Qxh4
Ba6 29. Rfe1 Qc7 30. Ng4 f3 31. Ne4 Rb6 32. d6 Rxd6 33. Nxd6 Qxd6 34. gxf3 Qd4+
35. Kh1 Bb5 36. Nxf6+ Rxf6 37. Qxd4 cxd4 38. Be4 d3 39. Rbd1 Rd6 40. Kg2 Bxb2
41. Rb1 d2 42. Rg1 Bd4 43. Rgd1 Ba4 44. Rxd2 Be5 45. Rxd6 Bxd6 46. Rb6 Bf8 47.
Rb8 Kg7 48. Bd5 Bc2 49. Rb7+ Kg6 50. Be4+ Bxe4 51. fxe4 Bd6 52. h3 Kg5 53. Kf3
Bh2 54. Rb5+ Kh4 55. Kg2 Bf4 56. e5 Kg5 57. Kf3 Bh2 58. Ke4 Kg6 59. Kd5 Kf7 60.
Rb7+ Ke8 61. Ke6 Kd8 62. h4 Bg3 63. h5 Bf4 64. Rf7 Be3 65. Rf8+ Kc7 66. Kf7 1-0

[Event "Online Olym KO Stage 2021"]
[Site "chess.com INT"]
[Date "2021.09.13"]
[Round "1.21"]
[Board "1"]
[White "Ivanchuk, Vasyl"]
[Black "Anand, Viswanathan"]
[Result "1/2-1/2"]
[WhiteTitle "GM"]
[BlackTitle "GM"]
[WhiteElo "2678"]
[BlackElo "2753"]
[WhiteTeam "Ukraine"]
[BlackTeam "India"]
[WhiteFideId "14100010"]
[BlackFideId "5000017"]
[EventDate "2021.09.13"]
[EventType "team"]

1. e4 e5 2. Nf3 Nc6 3. Bc4 Bc5 4. c3 Nf6 5. d3 O-O 6. O-O d6 7. Bb3 a5 8. h3 h6
9. Re1 Re8 10. Nbd2 Be6 11. Ba4 Bd7 12. Nf1 Ba7 13. Ng3 Ne7 14. Bc2 Ng6 15. d4
c5 16. dxe5 dxe5 17. c4 Bb8 18. Ba4 Bxa4 19. Qxa4 Nf8 20. Nd2 Ne6 21. Nb1 Nd7
22. Qd1 Nb6 23. Na3 Qxd1 24. Rxd1 Nd4 25. Bd2 Bc7 26. Kf1 Bd8 27. Ne2 Bg5 28.
Be1 Nc8 29. Nb5 Rd8 30. Nc7 Ra7 31. Nc3 Nd6 32. b3 a4 33. Nxa4 Nxc4 34. Nxc5 Nb2
35. Rdb1 Nc2 36. Rxb2 Nxa1 37. Nd5 Rc8 38. b4 Bd8 39. Bc3 b6 40. Nd3 Ra3 41.
Nxe5 Raxc3 42. Nxc3 Rxc3 43. Ke2 Bf6 44. Nd7 Rc2+ 45. Rxc2 Nxc2 46. Nxb6 Nxb4
47. a4 Bd4 48. Nc4 Kf8 49. f4 Ke7 50. h4 Ke6 51. g4 g6 52. h5 gxh5 53. gxh5 f5
54. Kf3 Nd3 55. a5 Nc5 56. exf5+ Kxf5 57. Nd6+ Ke6 58. Ne4 Nd7 59. Kg4 Ba7 60.
Kf3 Kd5 61. Ng3 Bc5 62. Nf5 Bf8 63. a6 Kc6 64. Ke4 Nf6+ 65. Ke5 Nxh5 66. Ke6
Nxf4+ 67. Kf7 Bc5 68. Nxh6 Kb6 69. Ng4 Kxa6 70. Kf6 Nd5+ 71. Ke5 Ne3 72. Nxe3 1/2-1/2

[Event "Online Olym KO Stage 2021"]
[Site "chess.com INT"]
[Date "2021.09.13"]
[Round "1.21"]
[Board "2"]
[White "Harikrishna, Pentala"]
[Black "Shevchenko, Kirill"]
[Result "1/2-1/2"]
[WhiteTitle "GM"]
[BlackTitle "GM"]
[WhiteElo "2725"]
[BlackElo "2633"]
[WhiteTeam "India"]
[BlackTeam "Ukraine"]
[WhiteFideId "5007003"]
[BlackFideId "14129574"]
[EventDate "2021.09.13"]
[EventType "team"]

1. e4 c5 2. Nf3 Nc6 3. Bb5 g6 4. O-O Bg7 5. c3 Nf6 6. Re1 d6 7. h3 Qb6 8. Bf1
O-O 9. d4 cxd4 10. cxd4 d5 11. e5 Ne4 12. Nc3 Rd8 13. Na4 Qa5 14. Be3 Bd7 15.
Qb3 Nxd4 16. Nxd4 Qxa4 17. Qxd5 Bc6 18. Qc4 Bxe5 19. Nxc6 Qxc6 20. Qxc6 bxc6 21.
Bh6 f5 22. f3 Bd4+ 23. Kh2 Be5+ 24. Kg1 Bd4+ 25. Kh2 Be5+ 26. Kg1 1/2-1/2

[Event "Online Olym KO Stage 2021"]
[Site "chess.com INT"]
[Date "2021.09.13"]
[Round "1.21"]
[Board "3"]
[White "Osmak, Iulija"]
[Black "Koneru, Humpy"]
[Result "1/2-1/2"]
[WhiteTitle "IM"]
[BlackTitle "GM"]
[WhiteElo "2428"]
[BlackElo "2586"]
[WhiteTeam "Ukraine"]
[BlackTeam "India"]
[WhiteFideId "14101602"]
[BlackFideId "5008123"]
[EventDate "2021.09.13"]
[EventType "team"]

1. Nf3 Nf6 2. g3 d5 3. Bg2 e6 4. O-O b5 5. d3 Bb7 6. e4 c5 7. exd5 Nxd5 8. c4
bxc4 9. dxc4 Nb6 10. Qe2 Be7 11. Rd1 Qc8 12. Nc3 O-O 13. Ne4 Rd8 14. Rxd8+ Qxd8
15. Bg5 N8d7 16. Rd1 Qf8 17. Bxe7 Qxe7 18. b3 Rd8 19. Qe3 h6 20. h4 Bxe4 21.
Qxe4 Nf6 22. Qe2 Rxd1+ 23. Qxd1 Qd7 24. Qe1 Qd6 25. Ne5 Nbd7 26. Nc6 a6 27. Bf3
Qd3 28. Kg2 g5 29. hxg5 hxg5 30. Qe3 Qxe3 31. fxe3 Kf8 32. Kf2 Ke8 33. Na5 Nb8
34. Nb7 Nfd7 35. Ke2 Ke7 36. a3 f5 37. b4 cxb4 38. axb4 Ne5 39. Na5 Nxf3 40.
Kxf3 Kd6 41. e4 Nd7 42. exf5 exf5 43. b5 Ne5+ 44. Ke3 axb5 45. cxb5 Kc5 46. Nb7+
Kxb5 47. Nd6+ Kc5 48. Nxf5 Kd5 49. Nd4 Nc4+ 50. Kd3 Ne5+ 51. Ke3 Nc4+ 52. Kd3
Ne5+ 53. Ke3 1/2-1/2

[Event "Online Olym KO Stage 2021"]
[Site "chess.com INT"]
[Date "2021.09.13"]
[Round "1.21"]
[Board "4"]
[White "Harika, Dronavalli"]
[Black "Buksa, Nataliya"]
[Result "1-0"]
[WhiteTitle "GM"]
[BlackTitle "IM"]
[WhiteElo "2511"]
[BlackElo "2417"]
[WhiteTeam "India"]
[BlackTeam "Ukraine"]
[WhiteFideId "5015197"]
[BlackFideId "14123622"]
[EventDate "2021.09.13"]
[EventType "team"]

1. e4 c5 2. Nf3 Nc6 3. Nc3 e6 4. Bb5 Nd4 5. O-O Nxb5 6. Nxb5 a6 7. Nc3 b5 8. d4
cxd4 9. Qxd4 Ne7 10. Bf4 Nc6 11. Qd2 d6 12. Rfd1 b4 13. Na4 e5 14. Bg5 Qa5 15.
b3 Bg4 16. Be3 Rb8 17. a3 Be7 18. axb4 Qxb4 19. Qd5 Qb5 20. Nc3 Qb7 21. Qc4 Nb4
22. Nd5 Nxd5 23. Qxd5 Qc8 24. Qd3 O-O 25. Rxa6 f5 26. Ra7 Bd8 27. Qd5+ Kh8 28.
Qxd6 Bf6 29. Rc7 Qe8 30. Bc5 Bxf3 31. gxf3 Qg6+ 32. Kf1 fxe4 33. Qxf8+ Rxf8 34.
Bxf8 exf3 35. Bxg7+ Bxg7 36. Rd8+ 1-0